| 000 | 00864cam a2200277 i 4500 | ||
|---|---|---|---|
| 001 | 13442 | ||
| 003 | Mx-PuUPA | ||
| 005 | 20230330100945.0 | ||
| 008 | 140415s1993 sz a gr 000 0 spa d | ||
| 020 | _a288046191X | ||
| 040 |
_aMx-PuUPA _bspa _cMx-PuUPA _dMx-PuUPA _erda |
||
| 041 | 0 | _aspa | |
| 100 | 1 |
_aHolmes, Nigel, _914011 _eautor |
|
| 245 | 1 | 3 |
_aLo mejor en gráfica diagramática / _cNigel Holmes |
| 264 | 1 |
_aSwitzerland : _bQuarto Publishing, _c©1993 |
|
| 300 |
_a224 páginas : _bilustraciones (a color) ; _c30 cm |
||
| 336 |
_2rdacontent _atexto _btxt |
||
| 337 |
_2rdamedia _asin medio _bn |
||
| 338 |
_2rdacarrier _avolumen _bnc |
||
| 650 | 7 |
_2armarc _a Artes gráficas _x |
|
| 650 | 7 |
_2armarc _aPublicidad comercial artística |
|
| 942 |
_2ddc _cLI _h760 _iH722 |
||
| 999 |
_c13442 _d13442 |
||